Statistiken für Flaggen-Malbuch-Puzzle #1

Klicken Sie hier um das Quiz zu spielen!

Allgemein

  • Dieses Quiz wurde 444 mal gespielt
  • Das Durchschnittsergebnis liegt bei 4 aus 6

Antworten auf der Karte

Die Antworten werden auf der Karte rot bzw. grün angezeigt, abhängig davon wie oft sie richtig erraten wurden.
 

Antwortstatistiken

Antwort% Korrekt
Weiß
84%
Rot
63%
Grün
60%
Gelb
59%
Schwarz
55%
Blau
52%

Verteilung der Resultate

Perzentil nach korrekt beantworteten Fragen

Anzahl Personen mit jedem Resultat

Ihre Resultats-Entwicklung

Sie haben dieses Quiz noch nicht gespielt